00641cam a22002291 4500001001300000003000400013005001700017008004100034010001700075035002000092040001800112042001200130043001200142050001600154100003200170245007000202260002300272300002700295650002600322651004600348999001700394sa 68014562 DLC20260227112632.0890703s1962 io a 000 0 dut  asa 68014562  a(OCoLC)23400185 aDLCcMiUdDLC apremarc aa-io---00aRG268b.W581 aWiratmadja, Nani Soekaesih.10aInfeksi trichomonas vaginalis pada wanita di Djakarta, Indonesia. a[Djakarta,c1962?] a143 p.billus.c21 cm. 0aTrichomonas vaginalis 0aJakarta (Indonesia)xStatistics, Medical. c85880d85880